00566nam a22002055i 4500001000700000003000900007005001700016008004100033080000800074100002400082245007400106250001500180260003400195300002200229490002300251650002100274700002000295830002200315852002300337172038ES-MaACL20250829112202.0090612s1973 sp |||| | spa d a2971 aSourdel, Dominique.13aEl Islam / cpor Dominique Sourdel ; [traducción de Dolors Bramon]. a[1ª ed.]. aBarcelona : bOikos, c[1973] a125 p. ; c18 cm.1 a¿Qué se? ; v9517aIslamismo2embne1 aBramon, Dolors.0 a¿Qué sé?v95 aES-MaACLjC-53506